000 00914 a2200169 4500
999 _c8365
_d8365
010 _aHIN-81424
020 _a8178792532
_c500.00
035 _aHN-53770
037 _bपु.प्र.अ.प्र/प्रका
082 1 4 _a362.1091734
100 1 _aउषा गोपाल
245 1 _aग्रामीण क्षेत्रों में स्वास्थ्य शिक्षा/
_cउषा गोपाल
260 _aनई दिल्ली
_bस्पोर्टस पब्लिकेशन्स
_c2005
270 _a7/26, ग्राउण्ड फ्लोर, अंसारी रोड, दरियागंज
_bनई दिल्ली
_e110002
_k(आफिस) 55749511, 55257538 (निवास) 27562163 (मो.) 9868028838
300 _a266पृ
_c22सेमी (सजिल्द)
942 _adpl
_cHN
_2ddc
_h362.1091734
_mउषागो